[Event "BIH-chT 11th"]
[Site "Jahorina"]
[Date "2012.06.10"]
[Round "9.1"]
[White "Miskovic, Ivica"]
[Black "Miljkovic, Miroslav D"]
[Result "1/2-1/2"]
[WhiteElo "2186"]
[BlackElo "2474"]
[PlyCount "109"]
[EventDate "2012.06.02"]
[EventType "team-tourn"]
[EventRounds "9"]
[EventCountry "BIH"]
[SourceTitle "EXT 2013"]
[Source "ChessBase"]
[SourceDate "2012.11.22"]
[SourceVersion "1"]
[SourceVersionDate "2012.11.22"]
[SourceQuality "1"]
[WhiteTeam "Vitez"]
[BlackTeam "Zenica"]
[WhiteTeamCountry "BIH"]
[BlackTeamCountry "BIH"]

1. Nf3 d5 2. d4 Nf6 3. c4 c6 4. Nc3 a6 5. e3 b5 6. b3 Bg4 7. Be2 e6 8. 0-0 Nbd7 9. h3 Bh5 10. a4 b4 11. Nb1 a5 12. Nbd2 Bd6 13. Bb2 Bg6 14. Rc1 h6 15. Ne5 Bxe5 16. dxe5 Ne4 17. cxd5 cxd5 18. Nxe4 Bxe4 19. f3 Bg6 20. Bb5 0-0 21. Bxd7 Qxd7 22. Bd4 Rfc8 23. Qd2 Qb7 24. Rxc8+ Rxc8 25. Rc1 Rc6 26. Kf2 Qc7 27. Rxc6 Qxc6 28. Ba7 Qc7 29. Bd4 Bf5 30. Qe2 Bc2 31. Bb6 Qxb6 32. Qxc2 d4 33. Qc8+ Kh7 34. Qc2+ g6 35. Qd2 dxe3+ 36. Qxe3 Qc7 37. f4 Qc2+ 38. Kf3 Kg7 39. h4 Kf8 40. Kg3 Kg7 41. Kf3 Qd1+ 42. Kf2 Qg4 43. Qg3 Qf5 44. Qe3 g5 45. hxg5 hxg5 46. g3 Qc2+ 47. Ke1 g4 48. Kf1 Kf8 49. Ke1 Kg7 50. Kf1 Qb2 51. Kg1 Qb1+ 52. Kf2 Kg6 53. Ke2 Qc2+ 54. Kf1 Kg7 55. Kg1 1/2-1/2

[Event "BIH-chT 11th"]
[Site "Jahorina"]
[Date "2012.06.08"]
[Round "7.3"]
[White "Miskovic, Ivica"]
[Black "Popovic, Dusan"]
[Result "0-1"]
[WhiteElo "2186"]
[BlackElo "2548"]
[PlyCount "58"]
[EventDate "2012.06.02"]
[EventType "team-tourn"]
[EventRounds "9"]
[EventCountry "BIH"]
[SourceTitle "CBM 148 Extra"]
[Source "ChessBase"]
[SourceDate "2012.06.22"]
[SourceVersion "1"]
[SourceVersionDate "2012.06.22"]
[SourceQuality "1"]
[WhiteTeam "Vitez"]
[BlackTeam "Sarajevo Slavija"]
[WhiteTeamCountry "BIH"]
[BlackTeamCountry "BIH"]

1. d4 Nf6 2. c4 g6 3. Nc3 Bg7 4. g3 0-0 5. Bg2 d6 6. Nf3 c6 7. h3 Qa5 8. 0-0 Qa6 9. b3 b5 10. Nd2 Bb7 11. Bb2 Nbd7 12. e3 Rab8 13. Qe2 Rfc8 14. Rfc1 bxc4 15. Qxc4 Qb6 16. Na4 Qd8 17. Qe2 Nb6 18. Nc3 Nfd7 19. Nde4 a5 20. Rc2 Ra8 21. a4 d5 22. Nc5 Nxc5 23. dxc5 Nd7 24. Nd1 e5 25. Qd2 Qe7 26. b4 axb4 27. Qxb4 Ba6 28. a5 Qe6 29. Qd2 Rcb8 0-1

[Event "BIH-chT 11th"]
[Site "Jahorina"]
[Date "2012.06.07"]
[Round "6.3"]
[White "Sedlak, Nikola"]
[Black "Miskovic, Ivica"]
[Result "1-0"]
[WhiteElo "2556"]
[BlackElo "2186"]
[PlyCount "73"]
[EventDate "2012.06.02"]
[EventType "team-tourn"]
[EventRounds "9"]
[EventCountry "BIH"]
[SourceTitle "CBM 148 Extra"]
[Source "ChessBase"]
[SourceDate "2012.06.22"]
[SourceVersion "1"]
[SourceVersionDate "2012.06.22"]
[SourceQuality "1"]
[WhiteTeam "Prijedor Rudar"]
[BlackTeam "Vitez"]
[WhiteTeamCountry "BIH"]
[BlackTeamCountry "BIH"]

1. d4 Nf6 2. c4 g6 3. Nc3 d5 4. Nf3 Bg7 5. Qb3 dxc4 6. Qxc4 0-0 7. e4 Na6 8. Qa4 c5 9. d5 e6 10. dxe6 Bxe6 11. Bxa6 bxa6 12. 0-0 Qb6 13. Ng5 Bd7 14. Qc2 h6 15. Nf3 Rfe8 16. Bf4 Bc6 17. Rfe1 Rad8 18. Ne5 Nh5 19. Nxc6 Qxc6 20. Be3 Nf6 21. f3 Rd7 22. Rad1 Red8 23. Rxd7 Rxd7 24. Rd1 c4 25. Rxd7 Qxd7 26. Qd2 Qxd2 27. Bxd2 Nd7 28. Nd1 Nb6 29. Bc3 Bf8 30. Bd4 Bb4 31. Ne3 Ba5 32. Kf1 Bd2 33. Ke2 Bxe3 34. Kxe3 Kf8 35. Bxb6 axb6 36. Kd4 b5 37. a4 1-0